El uso de garantías en el sistema bancario argentino (Registro nro. 15075)
[ vista simple ]
| 000 -LEADER | |
|---|---|
| fixed length control field | 00369 a2200121 4500 |
| 001 - CONTROL NUMBER | |
| control field | ART_7232 |
| 005 - DATE AND TIME OF LATEST TRANSACTION | |
| control field | 20260410161700.0 |
| 008 - FIXED-LENGTH DATA ELEMENTS--GENERAL INFORMATION | |
| fixed length control field | 260409a |
| 100 1# - MAIN ENTRY--PERSONAL NAME | |
| Personal name | Bebczuk, Ricardo |
| 245 10 - TITLE STATEMENT | |
| Title | El uso de garantías en el sistema bancario argentino |
| 700 1# - ADDED ENTRY--PERSONAL NAME | |
| Personal name | Sangiácomo, Máximo |
| 773 0# - HOST ITEM ENTRY | |
| Title | Ensayos Económicos |
| Related parts | - Nº 59 (jul./sep. 2010) |
| Record control number | REV620 |
No hay ítems disponibles.